Organizational Behavior (Record no. 4306)

MARC details
005 - DATE AND TIME OF LATEST TRANSACTION
control field 20250618132748.0
020 ## - INTERNATIONAL STANDARD BOOK NUMBER
International Standard Book Number 0-07-287387-6
082 ## - DEWEY DECIMAL CLASSIFICATION NUMBER
Classification number 658.4 LUT
100 ## - MAIN ENTRY--PERSONAL NAME
Author name LUTHANS, F
245 ## - TITLE STATEMENT
Title Organizational Behavior
250 ## - EDITION STATEMENT
Edition statement 10th Ed.
260 ## - PUBLICATION, DISTRIBUTION, ETC.
Place of publication, distribution, etc. New York
Name of publisher, distributor, etc. McGraw-Hill Irwin
Date of publication, distribution, etc. 2005.
300 ## - PHYSICAL DESCRIPTION
Extent xix,731p.: ill.; figures
Other physical details Index, References
Dimensions 26cm
942 ## - ADDED ENTRY ELEMENTS (KOHA)
Source of classification or shelving scheme Dewey Decimal Classification
Koha item type Books
Holdings
Date last seen Total checkouts Full call number Barcode Cost, replacement price Price effective from Koha item type Lost status Source of classification or shelving scheme Damaged status Not for loan Withdrawn status Home library Current library Shelving location Date acquired Source of acquisition Cost, normal purchase price
06/18/2025   658.4 LUT MZA0001332 162000.00 06/18/2025 Books   Dewey Decimal Classification       CBE Mwanza CBE Mwanza General Collection 08/02/2017 Library Budget 54000.00
06/18/2025   658.4 LUT MZA0001333 162000.00 06/18/2025 Books   Dewey Decimal Classification       CBE Mwanza CBE Mwanza General Collection 08/02/2017 Library Budget 54000.00